| 000 | 00000nas 2200000za 4500 |
| 001 | 9.831434 |
| 003 | CaOODSP |
| 005 | 20240624082330 |
| 007 | cr ||||||||||| |
| 008 | 170130d19851990onc x m o f0###|0fre|d |
| 022 | |y0827-1011 |
| 040 | |aCaOODSP|bfre |
| 043 | |an-cn--- |
| 086 | 1 |aZ1-1983-1/41F-PDF |
| 130 | 0 |aÉtudes (Commission royale sur l'union économique et les perspectives de développement du Canada) |
| 245 | 14|aLes Études |h[ressource électronique] / |cCommission royale sur l'union économique et les perspectives de développement du Canada. |
| 260 | |aOttawa : |bCommission royale sur l'union économique et les perspectives de développement du Canada, |c[1985]-1990. |
| 310 | |aIrrégulier |
| 362 | 0 |aNo. 1-no. 72. |
| 550 | |aPubl. en collaboration avec University of Toronto Press. |
| 692 | 07|2gccst|aPolitique économique |
| 692 | 07|2gccst|aCommission d'enquête |
| 710 | 1 |aCanada. |bBureau du Conseil privé. |
| 710 | 2 |aCommission royale sur l'union économique et les perspectives de développement du Canada. |
| 710 | 2 |aUniversity of Toronto Press. |
| 775 | 08|tThe Collected research studies |w(CaOODSP)9.831432 |